| 000 | 00293nam a2200133 i 4500 | ||
|---|---|---|---|
| 001 | bg | ||
| 100 | 1 | _aSMITH, J. M. | |
| 245 | 0 |
_aProblemy biologii / _cJ.M. Smith. |
|
| 260 |
_aWarszawa, _c1992. |
||
| 040 | _cBPK | ||
| 041 | _apol | ||
| 942 | _cKS | ||
| 008 | s pl f |000 0 pol | ||
| 999 |
_c29635 _d29635 |
||
| 856 |
_uhttp://koha.tu.koszalin.pl/cgi-bin/koha/opac-detail.pl?biblionumber=29635 _yKatalog online BPK |
||